Baby Names: 'J' Boy Names by Decade Quiz Stats

Quiz Updated Dec 1, 2017

Challenge
Share
Tweet
Embed
Score 0/130 Timer 08:00
22 Plays Today
Decade % Correct
1880sJohn
97.4%
1890sJohn
97.4%
1900sJohn
97.4%
1910sJohn
97.4%
1920sJohn
97.4%
1930sJohn
97.4%
1940sJohn
97.4%
1950sJohn
97.4%
1960sJohn
97.4%
1970sJohn
97.4%
1980sJohn
97.4%
1990sJohn
97.4%
2000sJohn
97.4%
1950sJames
93.2%
1880sJames
93.2%
1890sJames
93.2%
1900sJames
93.2%
1910sJames
93.2%
1920sJames
93.2%
1930sJames
93.2%
1940sJames
93.2%
1960sJames
93.2%
1970sJames
93.2%
1980sJames
93.2%
1990sJames
93.2%
2000sJames
93.2%
1880sJack
89.4%
1890sJack
89.4%
1900sJack
89.4%
1910sJack
89.4%
1920sJack
89.4%
1930sJack
89.4%
1940sJack
89.4%
1950sJack
89.4%
2000sJack
89.4%
1880sJim
84.3%
1890sJim
84.3%
1900sJim
84.3%
1930sJim
84.3%
1940sJim
84.3%
1970sJose
78.8%
1990sJose
78.8%
2000sJose
78.8%
1880sJoseph
78.2%
Decade % Correct
1890sJoseph
78.2%
1900sJoseph
78.2%
1910sJoseph
78.2%
1920sJoseph
78.2%
1930sJoseph
78.2%
1940sJoseph
78.2%
1950sJoseph
78.2%
1960sJoseph
78.2%
1970sJoseph
78.2%
1980sJoseph
78.2%
1990sJoseph
78.2%
2000sJoseph
78.2%
1880sJoe
78.2%
1890sJoe
78.2%
1900sJoe
78.2%
1910sJoe
78.2%
1920sJoe
78.2%
1930sJoe
78.2%
1940sJoe
78.2%
1950sJoe
78.2%
1960sJoe
78.2%
1960sJonathan
74.3%
1970sJonathan
74.3%
1980sJonathan
74.3%
1990sJonathan
74.3%
2000sJonathan
74.3%
1930sJimmy
72.8%
1940sJimmy
72.8%
1950sJimmy
72.8%
1880sJacob
72.6%
1890sJacob
72.6%
1900sJacob
72.6%
1910sJacob
72.6%
1980sJacob
72.6%
1990sJacob
72.6%
2000sJacob
72.6%
1970sJason
67%
1980sJason
67%
1990sJason
67%
1970sJoshua
63.8%
1980sJoshua
63.8%
1990sJoshua
63.8%
2000sJoshua
63.8%
1960sJeff
63.7%
Decade % Correct
1930sJohnny
62.4%
1940sJohnny
62.4%
1950sJohnny
62.4%
1960sJohnny
62.4%
1970sJeremy
61.3%
1980sJeremy
61.3%
1970sJustin
59.5%
1980sJustin
59.5%
1990sJustin
59.5%
2000sJustin
59.5%
1920sJerry
58.1%
1930sJerry
58.1%
1940sJerry
58.1%
1950sJerry
58.1%
1960sJerry
58.1%
1990sJordan
54.6%
2000sJordan
54.6%
1940sJeffrey
52.5%
1950sJeffrey
52.5%
1960sJeffrey
52.5%
1970sJeffrey
52.5%
1980sJeffrey
52.5%
1880sJesse
41.3%
1890sJesse
41.3%
1900sJesse
41.3%
1910sJesse
41.3%
1920sJesse
41.3%
1880sJessie
31.5%
1890sJessie
31.5%
1900sJessie
31.5%
1910sJessie
31.5%
1920sJessie
31.5%
1950sJeffery
31.2%
1960sJeffery
31.2%
1900sJohnnie
27.2%
1910sJohnnie
27.2%
1920sJohnnie
27.2%
1880sJulius
24.9%
1890sJulius
24.9%
1910sJulius
24.9%
1930sJimmie
24.5%
1920sJerome
23.9%

You're not logged in!

Compare scores with friends on all Sporcle quizzes.
Sign Up with Email
OR
Log In

You Might Also Like...

Show Comments

Extras

Top Quizzes Today


Score Distribution

Your Account Isn't Verified!

In order to create a playlist on Sporcle, you need to verify the email address you used during registration. Go to your Sporcle Settings to finish the process.